Основные философские парадигмы XIX-XX веков
| Hlavní autor: | |
|---|---|
| Korporativní autor: | |
| Další autoři: | , |
| Jazyk: | ruština |
| Vydáno: |
Томск, Изд-во ТПУ, 2002
|
| Témata: |
Флоренский
> Павел Александрович
> П. А.
> российский учёный
> религиозный философ
> богослов
> 1882-1937
Циолковский
> Константин Эдуардович
> К. Э.
> русский ученый
> изобретатель
> основоположник современной космонавтики
> 1857-1935
Вернадский
> Владимир Иванович
> В. И.
> российский учёный
> естествоиспытатель, мыслитель и общественный деятель
> 1863-1945
|
| Médium: | MixedMaterials Kniha |
| KOHA link: | https://koha.lib.tpu.ru/cgi-bin/koha/opac-detail.pl?biblionumber=78677 |
MARC
| LEADER | 00000nam0a2200000 4500 | ||
|---|---|---|---|
| 001 | 78677 | ||
| 005 | 20231101213016.0 | ||
| 035 | |a (RuTPU)RU\TPU\book\84416 | ||
| 090 | |a 78677 | ||
| 100 | |a 20050629d2002 km y0rusy50 ca | ||
| 101 | 0 | |a rus | |
| 102 | |a RU | ||
| 105 | |a y z 000zd | ||
| 200 | 1 | |a Основные философские парадигмы XIX-XX веков |f В. Г. Рубанов, Н. Е. Салькова, Р. Б. Квеско |g Томский политехнический университет | |
| 210 | |a Томск |c Изд-во ТПУ |d 2002 | ||
| 215 | |a 116 с. | ||
| 600 | 1 | |a Бердяев |b Н. А. |c российский религиозный философ |f 1874-1948 |g Николай Александрович |2 stltpui |3 (RuTPU)RU\TPU\pers\1153 |9 523 | |
| 600 | 1 | |a Федоров |g Николай Федорович |f 1828-1903 |c российский религиозный мыслитель-утопист |b Н. Ф. |2 stltpui |3 (RuTPU)RU\TPU\pers\974 | |
| 600 | 1 | |a Флоренский |g Павел Александрович |b П. А. |c российский учёный |c религиозный философ |c богослов |f 1882-1937 |2 stltpush |3 (RuTPU)RU\TPU\pers\921 | |
| 600 | 1 | |a Радищев |g Александр Николаевич |b А. Н. |c русский мыслитель |c писатель |f 1749 - 1802 |2 stltpui |3 (RuTPU)RU\TPU\pers\1365 | |
| 600 | 1 | |a Циолковский |g Константин Эдуардович |b К. Э. |c русский ученый |c изобретатель |c основоположник современной космонавтики |f 1857-1935 |2 stltpui |3 (RuTPU)RU\TPU\pers\1304 | |
| 600 | 1 | |a Вернадский |g Владимир Иванович |b В. И. |c российский учёный |c естествоиспытатель, мыслитель и общественный деятель |f 1863-1945 |2 stltpush |3 (RuTPU)RU\TPU\pers\417 | |
| 600 | 1 | |a Чижевский |g Александр Леонидович |b А. Л. |c российский биофизик |c археолог |c основоположник гелиобиологии |f 1897-1964 |2 stltpui |3 (RuTPU)RU\TPU\pers\1014 | |
| 600 | 1 | |a Холодный |b Н. Г. |c украинский ботаник и микробиолог |f 1882-1953 |g Николай Григорьевич |2 stltpush |3 (RuTPU)RU\TPU\pers\14028 |9 4511 | |
| 606 | 1 | |a Буржуазная идеология |x Философия |z 19 в.-20 в. |2 stltpush |3 (RuTPU)RU\TPU\subj\30423 |9 53533 | |
| 610 | 1 | |a философские парадигмы | |
| 610 | 1 | |a теория | |
| 610 | 1 | |a история | |
| 610 | 1 | |a 19 век | |
| 610 | 1 | |a 20 век | |
| 610 | 1 | |a Русский космизм | |
| 610 | 1 | |a космологические учения | |
| 610 | 1 | |a сциентизм | |
| 610 | 1 | |a натурализм | |
| 610 | 1 | |a антропологизм | |
| 610 | 1 | |a жизнь | |
| 610 | 1 | |a феноменология | |
| 610 | 1 | |a прагматизм | |
| 610 | 1 | |a спиритуализм | |
| 610 | 1 | |a теология | |
| 610 | 1 | |a лингвистическая философия | |
| 610 | 1 | |a герменевтика | |
| 610 | 1 | |a западная философия | |
| 686 | |a Ю3(0)6 |v LBC/SL-A |2 rubbk | ||
| 700 | 1 | |a Рубанов |b В. Г. |c философ |c профессор Томского политехнического университета, доктор философских наук |f 1940- |g Виталий Георгиевич |2 stltpush |3 (RuTPU)RU\TPU\pers\18253 | |
| 701 | 1 | |a Салькова |b Н. Е. |g Нина Емельяновна | |
| 701 | 1 | |a Квеско |b Р. Б. |c философ |c доцент Томского политехнического университета, доктор философских наук |f 1943- |g Раиса Брониславовна |2 stltpush |3 (RuTPU)RU\TPU\pers\25429 | |
| 712 | 0 | 2 | |a Томский политехнический университет |2 stltpush |3 (RuTPU)RU\TPU\col\376 |
| 801 | 1 | |a RU |b 63413507 |c 20050629 |g PSBO | |
| 801 | 2 | |a RU |b 63413507 |c 20220603 |g PSBO | |
| 942 | |c BK | ||